000
00274nam a2200097Ia 4500
001
1300563
005
20260420095906.0
008
260420s9999 xx 000 0 und d
245
0
_a
GÖKYÜZÜNDE DOĞADAN İLHAM ALAN TASARIMLAR
_c
HARRIET EVANS
260
_b
TÜBİTAK YAYINLARI
999
_c
1300563
_d
1300563